| 000 | 00921nam a2200325 a 4500 | ||
|---|---|---|---|
| 003 | AR-BaBNM | ||
| 005 | 20251128210855.0 | ||
| 008 | 082120s2002 ||||||||||||||000 | spa|| | ||
| 020 | _a84-7844-251-0 | ||
| 040 | _cAR-BaBNM | ||
| 100 | 1 | _aGaarder, Jostein | |
| 245 | 0 | 0 |
_aEl mundo de Sofía _bnovela sobre la historia de la filosofía |
| 260 |
_aMadrid _bEdiciones Siruela _c1994 |
||
| 300 | _ax, 638 p. | ||
| 490 | 0 |
_aLas tres edades _vv. 35 |
|
| 500 | _aContiene índice onomástico | ||
| 650 | 4 | _aHISTORIA DE LA FILOSOFIA | |
| 650 | 4 | _aNOVELAS | |
| 650 | 4 | _aLITERATURA CONTEMPORANEA | |
| 650 | 4 | _aFILOSOFOS | |
| 653 | _aLITERATURA NORUEGA | ||
| 653 | _aNOVELA HISTORICA | ||
| 653 | _aCRITICA FILOSOFICA | ||
| 655 | _aLITERATURA | ||
| 700 | 1 |
_aBaggethun, Kirsti _etraductor |
|
| 700 | 1 |
_aLorenzo, Asunción _etraductor |
|
| 800 | 1 |
_aStrausfeld, Michi _edirector |
|
| 942 | _cBK | ||
| 998 | _cMARTIN | ||
| 999 |
_c17257 _d17257 |
||